Výroba a perspektíva fotovoltových článkov v zahraničí

Bibliographic Details
Main Author: Rehák, Juraj (Author)
Format: Article
Language:Slovak
Subjects:

MARC

LEADER 00000nab a2200000 a 4500
001 vtls000418903
003 SK-MaSNL
005 20260302235001.0
008 120925c1988 xo 0 slo
015 |a SNBRA19rr/mm-uuuuu 
035 |a CL0419031 
040 |a SNKBUCL  |b slo  |c SNKBUCL  |e AACR2 
041 0 |a slo 
044 |a xo  |c SK 
080 |a 621.311.61:523.9:620.92  |2 1981 
080 |a 523.9  |2 1981 
080 |a 620.92  |2 1981 
100 1 |a Rehák, Juraj  |4 aut  |9 9061 
245 1 0 |a Výroba a perspektíva fotovoltových článkov v zahraničí  |c Juraj Rehák 
650 0 7 |a solárna energia  |2 snkbucl  |9 3508 
650 0 7 |a články fotovoltické  |2 snkbucl  |9 950546 
655 7 |a články zo zborníkov  |2 snkbucl  |9 166140 
773 0 |t Využitie doplnkových zdrojov energie  |d Bratislava : Dom techniky ČSVTS, 1988 
850 |a Slovenská národná knižnica v Martine  |a MTA001 
852 |a SNK  |b KIS3GCP 
958 |a RK 
992 |a RZB 
999 |c 1552821  |d 1554751